000 01078nam a22003017a 4500
003 CHAP
005 20220329140455.0
008 971013s1960 r 00010 d
010 _a52494
011 _a53466
035 _a57616
040 _cCHAP
090 _aFolleto 2801
100 0 0 _aFerreyra, Ramón.
_940420
245 _aAlgunos aspectos fitogeográficos del Perú
260 _aLima :
_bUniv. Nacional Mayor de San Marcos. Instituto de Geografía,
_c1960
300 _a88 p.
_b: ilus.
490 _aPublicaciones del Instituto de Geografía. Serie I. Monografías y ensayos geográficos
_v; 3
590 _aBATCH-UPD
_b10
_c20130110
_lUCH01
_h0623
590 _aBATCH-UPD
_b10
_c20130410
_lUCH01
_h0306
590 _aBATCH-UPD
_b10
_c20130914
_lUCH01
_h0733
590 _aCONVERSION
_b10
_c20130109
_lUCH01
_h1328
650 1 4 _aBotánica
_xPerú.
_914603
830 0 _aPublicaciones del Instituto de Geografía. Serie I. Monografías y ensayos geográficos
_v; 3
_992697
901 _aBK
942 _cFOLL
949 _aFolleto 2801
_bBC
_cFOLL
_d-125252
_eTS1
_i57616
_mD
_si
999 _c52494
_d52494